zpět

Detail výsledku týmu

Pub Na Plech ČT - Žižkov, Praha

Datum a čas kvízu

35.5 Celkem bodů Celkový počet nahraných bodů na tomto kvízu bez doplňovacích otázek.
2. Pořadí na kvízu Konečné umístění týmu na tomto kvízu.

Zaznamenané odpovědi

# Otázka Odpověď Body Výsledky
1. Ve vládě premiéra Petra Fialy... Helena Langšádlová 1
2. Minulý týden soud osvobodil čt... v Belgii 0
3. Mezinárodní filmový festival K... Ivan Trojan 1
4. V pátek se v pražském hotelu M... mince 1
5. Který český hokejista v úterý... Jakub Voráček 1
6. Sugo all'amatriciana patří mez... guanciale; pecorino 0
7. Napište zakrytou značku zobraz... Kikkoman 1
8. Když se řekne omáčka, určitě s... 15 1
9. Město Worcester dalo jméno jed... C; čertovo lejno 0.5
10. Jak se označuje tato jednoduch... velouté 1